000 01576nam a2200349 i 4500
005 20220316235241.0
007 ta
008 200421s1999 mx a gr 000 j spa d
020 _a9681645723
040 _aCO-BoRNBP
_bspa
_erda
_cCO-BoRNBP
041 0 _aspa
043 _as-ag---
084 _aC DRE1
100 1 _aDreser, Elena
_d1946-
_eautora
245 1 0 _aManuela color canela
_cElena Dreser ; ilustraciones de Marisol Fernández ; editor Daniel Goldin
250 _aPrimera edición
264 1 _aMéxico
_bFondo de Cultura Económica
_c1999
300 _a27 páginas
_bilustraciones a color
_c23 cm
336 _atexto
_btxt
_2rdacontent
337 _asin mediación
_bn
_2rdamedia
338 _avolumen
_bnc
_2rdacarrier
490 0 _aLos especiales de a la orilla del viento
520 3 _aManuela tiene la piel color abeja, color ardilla, color alondra. Todos los días toma y toma sol, porque le gusta verse color caramelo, color cacao, color canela Alguien le dijo que los rayos del Sol vuelven a las Manuelas color dorado, color dulce, color dátil. Y como ella lo que más desea es lucir color chinchilla, color chocolate, color chirimía, toma y toma sol "
521 _aRecomendado para niños a partir de 4
586 _aPremio A la orilla del viento 1993
650 1 7 _aCuentos infantiles argentinos
_ySiglo XX
_2ARMARC
650 1 7 _aLiteratura infantil argentina
_ySiglo XX
_2ARMARC
650 1 7 _aAfroamericanos
_vCuentos
_2ARMARC
700 1 _aFernández, Marisol
_eilustrador
_9176277
700 1 _aGoldin, Daniel
_eeditor
_98583
942 _2loc
_cBKLIT
999 _c367
_d367